[Event "Nordhausen op 13th"]
[Site "Nordhausen"]
[Date "2023.08.06"]
[Round "7"]
[White "Buring, Matthias"]
[Black "Melestean, Timur"]
[Result "1/2-1/2"]
[WhiteElo "2127"]
[BlackElo "1807"]
[PlyCount "35"]
[EventDate "2023.08.03"]
[EventType "swiss"]
[EventRounds "7"]
[EventCountry "GER"]
[SourceTitle "CBM 215 Extra"]
[Source "ChessBase"]
[SourceDate "2023.09.30"]
[SourceVersion "1"]
[SourceVersionDate "2023.09.30"]
[SourceQuality "1"]

1. d4 d5 2. Nf3 Nf6 3. e3 Bf5 4. Nbd2 e6 5. Ne5 Be7 6. Be2 Nbd7 7. f4 Ne4 8. 0-0 Nxe5 9. fxe5 0-0 10. Nxe4 Bxe4 11. Bd3 Bxd3 12. Qxd3 f6 13. exf6 Bxf6 14. Bd2 Qd7 15. Bc3 Be7 16. e4 Rxf1+ 17. Rxf1 Rf8 18. Rxf8+ 1/2-1/2

[Event "Nordhausen op 13th"]
[Site "Nordhausen"]
[Date "2023.08.05"]
[Round "5"]
[White "Buring, Matthias"]
[Black "Mester, Philipp"]
[Result "1-0"]
[WhiteElo "2127"]
[BlackElo "1722"]
[PlyCount "65"]
[EventDate "2023.08.03"]
[EventType "swiss"]
[EventRounds "7"]
[EventCountry "GER"]
[SourceTitle "CBM 215 Extra"]
[Source "ChessBase"]
[SourceDate "2023.09.30"]
[SourceVersion "1"]
[SourceVersionDate "2023.09.30"]
[SourceQuality "1"]

1. d4 f5 2. Bg5 g6 3. h4 h6 4. Bd2 Bg7 5. Bc3 Nf6 6. d5 d6 7. Nh3 e5 8. dxe6 Bxe6 9. e3 Nbd7 10. Nd2 Nb6 11. Qf3 Nbd5 12. Bc4 Nxc3 13. Bxe6 Nfe4 14. bxc3 Bxc3 15. Rd1 Qf6 16. Bd5 Nxd2 17. Rxd2 Ba5 18. Bxb7 Rb8 19. Qc6+ Kd8 20. Ke2 Bxd2 21. Kxd2 Qxh4 22. Ba6 f4 23. Re1 Re8 24. Nxf4 Qxf2+ 25. Re2 Qf1 26. Bb5 Ke7 27. Qxc7+ Kf6 28. Bxe8 Rxe8 29. Qxd6+ Kf7 30. Qxg6+ Ke7 31. Nd5+ Kf8 32. Qxh6+ Kf7 33. Qf4+ 1-0

[Event "GER-ch Net blitz qual3"]
[Site "Playchess.com INT"]
[Date "2021.05.07"]
[Round "10"]
[White "Buring, Matthias"]
[Black "Horn, Sven"]
[Result "0-1"]
[WhiteElo "1745"]
[BlackElo "1936"]
[PlyCount "84"]
[EventDate "2021.05.07"]
[EventType "swiss (blitz)"]
[EventRounds "11"]
[EventCountry "GER"]
[SourceTitle "CBM 202 Extra"]
[Source "ChessBase"]
[SourceDate "2021.07.31"]
[SourceVersion "1"]
[SourceVersionDate "2021.07.31"]
[SourceQuality "1"]

1. d4 Nf6 2. c4 e6 3. a3 b6 4. Nc3 Bb7 5. f3 d5 6. Bg5 Be7 7. e3 h6 8. Bh4 Nbd7 9. Bd3 0-0 10. Nge2 e5 11. cxd5 exd4 12. Nxd4 Nxd5 13. Bxe7 Qxe7 14. e4 Nxc3 15. bxc3 Nc5 16. Be2 Rad8 17. 0-0 Ne6 18. Nf5 Qc5+ 19. Nd4 Nxd4 20. cxd4 Rxd4 21. Qe1 Rxe4+ 22. Rf2 Re7 23. Qb4 Qe5 24. Rd1 c5 25. Qb5 Qc7 26. a4 Rd8 27. Rff1 a6 28. Qc4 Rde8 29. Bd3 Qe5 30. Kh1 Qe6 31. Qc2 g6 32. h3 Qf6 33. Rb1 Re3 34. Rf2 Kg7 35. Rbf1 Re1 36. Qd2 Rxf1+ 37. Rxf1 Qe5 38. a5 b5 39. f4 Qe3 40. Qc3+ Kh7 41. f5 Qxh3+ 42. Kg1 Qxg2# 0-1

[Event "GER-ch Net blitz qual2"]
[Site "Playchess.com INT"]
[Date "2021.05.04"]
[Round "3"]
[White "Barz, Stephan"]
[Black "Buring, Matthias"]
[Result "0-1"]
[WhiteElo "1538"]
[BlackElo "1796"]
[PlyCount "144"]
[EventDate "2021.05.04"]
[EventType "swiss (blitz)"]
[EventRounds "11"]
[EventCountry "GER"]
[SourceTitle "CBM 202 Extra"]
[Source "ChessBase"]
[SourceDate "2021.07.31"]
[SourceVersion "1"]
[SourceVersionDate "2021.07.31"]
[SourceQuality "1"]

1. e4 e5 2. Nf3 d5 3. exd5 e4 4. Qe2 f5 5. d3 Nf6 6. dxe4 fxe4 7. Nc3 Bf5 8. Nh4 Qd7 9. Nxf5 Qxf5 10. Qb5+ Nbd7 11. Qxb7 Rb8 12. Qc6 Bd6 13. Be3 Rxb2 14. Qa8+ Rb8 15. Qxa7 0-0 16. Be2 Rb2 17. 0-0 Qe5 18. g3 Qxc3 19. Bd4 Qxc2 20. Bd1 Qd2 21. Bxb2 Qxb2 22. Bb3 Nc5 23. Rab1 Qe2 24. Rfe1 Qf3 25. Bd1 Qf5 26. Qa5 Qh3 27. Be2 e3 28. f4 Nce4 29. Bf1 Qg4 30. Bg2 Nd2 31. Rb2 Nf3+ 32. Bxf3 Qxf3 33. Qc3 Ng4 34. Qc2 Re8 35. Qg2 Qxg2+ 36. Kxg2 Bc5 37. Rb7 Bb6 38. Kf3 Nxh2+ 39. Kg2 Ng4 40. Kf3 h5 41. f5 Kf7 42. a4 Kf6 43. a5 Bxa5 44. Rb3 Bb6 45. Rb5 Re5 46. Rb2 Rxd5 47. Kf4 Rxf5+ 48. Ke4 Rf2 49. Rb5 Rd2 50. Rxh5 e2 51. Rf5+ Ke6 52. Rg5 Nf2+ 53. Kf3 Rd1 54. Rg6+ Kf7 55. Rxb6 Rxe1 56. Kxf2 Rd1 57. Kxe2 cxb6 58. Kxd1 b5 59. Kc2 Kf6 60. Kb3 g5 61. Kb4 Kf5 62. Kxb5 Kg4 63. Kc4 Kxg3 64. Kd3 Kf2 65. Ke4 g4 66. Kf4 g3 67. Kg4 g2 68. Kh4 g1Q 69. Kh5 Qg7 70. Kh4 Kf3 71. Kh5 Kf4 72. Kh4 Qg4# 0-1

[Event "GER-ch Net blitz qual2"]
[Site "Playchess.com INT"]
[Date "2021.05.04"]
[Round "11"]
[White "Buring, Matthias"]
[Black "Spieker, Hans Joachim"]
[Result "0-1"]
[WhiteElo "1796"]
[BlackElo "1707"]
[PlyCount "110"]
[EventDate "2021.05.04"]
[EventType "swiss (blitz)"]
[EventRounds "11"]
[EventCountry "GER"]
[SourceTitle "CBM 202 Extra"]
[Source "ChessBase"]
[SourceDate "2021.07.31"]
[SourceVersion "1"]
[SourceVersionDate "2021.07.31"]
[SourceQuality "1"]

1. e4 c5 2. Nf3 Nc6 3. d4 cxd4 4. c3 dxc3 5. Nxc3 d6 6. Bc4 e6 7. 0-0 Nf6 8. Be3 Bd7 9. Qe2 Be7 10. Rfd1 Qb8 11. Nd4 Nxd4 12. Bxd4 0-0 13. e5 dxe5 14. Bxe5 Qc8 15. Rac1 Bc6 16. Bd3 Rd8 17. Ne4 Nxe4 18. Bxe4 Rxd1+ 19. Qxd1 Qd7 20. Qxd7 Bxd7 21. Rc7 Rc8 22. Bxb7 Rxc7 23. Bxc7 Bb5 24. Bb8 Bc5 25. b4 Bxb4 26. Bxa7 Ba3 27. f3 Bc4 28. Kf2 Bxa2 29. Ke3 Kf8 30. g4 Ke7 31. Ke4 Kd6 32. Bb8+ Ke7 33. f4 Bd6 34. Ba7 Bb1+ 35. Ke3 g6 36. Bd4 f6 37. h4 h5 38. gxh5 gxh5 39. Bf3 Bg6 40. Bb6 e5 41. fxe5 Bxe5 42. Bc5+ Ke6 43. Kf2 Kf5 44. Be3 Be8 45. Bh6 Bd4+ 46. Kg3 Bc3 47. Bf4 Be1+ 48. Kh3 Kxf4 49. Bd5 Bg3 50. Be6 Bg6 51. Bd7 Be1 52. Be6 Bf5+ 53. Bxf5 Kxf5 54. Kg2 Kg4 55. Kf1 Bxh4 0-1

[Event "GER-ch Net blitz qual2"]
[Site "Playchess.com INT"]
[Date "2021.05.04"]
[Round "8"]
[White "Hein, Ralf1"]
[Black "Buring, Matthias"]
[Result "0-1"]
[WhiteElo "1666"]
[BlackElo "1796"]
[PlyCount "80"]
[EventDate "2021.05.04"]
[EventType "swiss (blitz)"]
[EventRounds "11"]
[EventCountry "GER"]
[SourceTitle "CBM 202 Extra"]
[Source "ChessBase"]
[SourceDate "2021.07.31"]
[SourceVersion "1"]
[SourceVersionDate "2021.07.31"]
[SourceQuality "1"]

1. d4 d5 2. c4 e6 3. Nf3 c6 4. c5 Nd7 5. Bf4 Ne7 6. Nc3 Ng6 7. Bg3 e5 8. e3 e4 9. Nd2 Be7 10. Be2 0-0 11. 0-0 f5 12. f4 exf3 13. Nxf3 Bf6 14. b4 Re8 15. Qd2 h5 16. b5 h4 17. Bf2 Qe7 18. a4 Bg5 19. Nxg5 Qxg5 20. Bd3 Nf6 21. a5 h3 22. g3 Nh4 23. Be2 Ne4 24. Nxe4 fxe4 25. a6 cxb5 26. axb7 Bxb7 27. Kh1 Nf3 28. Bxf3 exf3 29. Qc3 Rec8 30. Rab1 a5 31. Qb3 Bc6 32. Rfe1 a4 33. Qa2 Kh8 34. e4 dxe4 35. d5 Qxd5 36. Qxd5 Bxd5 37. Rxb5 a3 38. Rbb1 a2 39. Ra1 Ra3 40. Kg1 Rc6 0-1

[Event "GER-ch Net blitz qual2"]
[Site "Playchess.com INT"]
[Date "2021.05.04"]
[Round "10"]
[White "Heinrich, Thomas"]
[Black "Buring, Matthias"]
[Result "1-0"]
[WhiteElo "2057"]
[BlackElo "1796"]
[PlyCount "99"]
[EventDate "2021.05.04"]
[EventType "swiss (blitz)"]
[EventRounds "11"]
[EventCountry "GER"]
[SourceTitle "CBM 202 Extra"]
[Source "ChessBase"]
[SourceDate "2021.07.31"]
[SourceVersion "1"]
[SourceVersionDate "2021.07.31"]
[SourceQuality "1"]

1. d4 d5 2. Nf3 c6 3. c4 e6 4. Nc3 f5 5. g3 Nf6 6. Bg2 Be7 7. 0-0 0-0 8. b3 Nbd7 9. Bb2 Ne4 10. Qc2 Bf6 11. Rad1 b6 12. Ne1 Bb7 13. f3 Nxc3 14. Bxc3 c5 15. e3 Rc8 16. cxd5 exd5 17. Qb2 Qe7 18. Nc2 Rfe8 19. Rfe1 Qf7 20. Na3 a6 21. Nb1 Re7 22. Nd2 Rce8 23. Nf1 Bg5 24. f4 Bf6 25. dxc5 Bxc3 26. Qxc3 Nxc5 27. Qd4 Rd7 28. Rc1 Ne4 29. Qxb6 h6 30. Rc2 Red8 31. Rec1 d4 32. exd4 Rxd4 33. Rc7 R4d7 34. Qxb7 Qd5 35. Qxd5+ Rxd5 36. Rc8 Rxc8 37. Rxc8+ Kf7 38. Rc2 g5 39. Bxe4 fxe4 40. Re2 gxf4 41. gxf4 Rd4 42. Ng3 a5 43. Rxe4 Rd2 44. Re2 Rd1+ 45. Kf2 Kg6 46. Kf3 h5 47. h4 Rg1 48. Re6+ Kf7 49. Re5 Ra1 50. Rxa5 1-0

[Event "GER-ch Net blitz qual1"]
[Site "Playchess.com INT"]
[Date "2021.04.24"]
[Round "8"]
[White "Buring, Matthias"]
[Black "Plaettner, Stefan"]
[Result "1-0"]
[WhiteElo "1819"]
[BlackElo "1620"]
[PlyCount "47"]
[EventDate "2021.04.24"]
[EventType "swiss (blitz)"]
[EventRounds "11"]
[EventCountry "GER"]
[SourceTitle "CBM 202 Extra"]
[Source "ChessBase"]
[SourceDate "2021.07.31"]
[SourceVersion "1"]
[SourceVersionDate "2021.07.31"]
[SourceQuality "1"]

1. d4 d6 2. e4 Nf6 3. Bd3 e5 4. c3 c6 5. f4 Nbd7 6. Nf3 Qc7 7. 0-0 Be7 8. fxe5 dxe5 9. h3 0-0 10. Be3 Bd6 11. Nbd2 b5 12. Rc1 Qa5 13. a3 Bb7 14. c4 a6 15. c5 exd4 16. Bxd4 Bb8 17. e5 Nd5 18. Bxh7+ Kxh7 19. Ng5+ Kg6 20. Qg4 f5 21. Rxf5 Rxf5 22. Ne6+ Kh6 23. Qxg7+ Kh5 24. Qh7# 1-0

[Event "Thueringen-ch"]
[Site "Jena"]
[Date "2006.04.17"]
[Round "9"]
[White "Buring, Matthias"]
[Black "Seidens, Gunter"]
[Result "1-0"]
[WhiteElo "2129"]
[BlackElo "2157"]
[PlyCount "51"]
[EventDate "2006.04.12"]
[EventType "swiss"]
[EventRounds "9"]
[EventCountry "GER"]
[SourceTitle "EXT 2007"]
[Source "ChessBase"]
[SourceDate "2006.11.23"]
[SourceVersion "1"]
[SourceVersionDate "2006.11.23"]
[SourceQuality "1"]

1. d4 d5 2. c4 c6 3. Nc3 Bf5 4. Qb3 e6 5. Qxb7 Nd7 6. Qxc6 Rc8 7. Qa6 Bb4 8. c5 Ne7 9. Bd2 0-0 10. Qa4 Nc6 11. e3 e5 12. Ba6 exd4 13. Bxc8 Qxc8 14. Nxd5 Bxd2+ 15. Kxd2 dxe3+ 16. fxe3 Re8 17. Nf3 Nxc5 18. Qb5 Ne4+ 19. Ke2 Nd6 20. Qa4 Qb7 21. Rhd1 Qxb2+ 22. Rd2 Qxa1 23. Qxc6 Be4 24. Qxd6 Qh1 25. Kf2 h6 26. Rd1 1-0

[Event "Thueringen-ch"]
[Site "Jena"]
[Date "2006.04.16"]
[Round "7"]
[White "Stridde, Peter"]
[Black "Buring, Matthias"]
[Result "0-1"]
[WhiteElo "2084"]
[BlackElo "2129"]
[PlyCount "58"]
[EventDate "2006.04.12"]
[EventType "swiss"]
[EventRounds "9"]
[EventCountry "GER"]
[SourceTitle "EXT 2007"]
[Source "ChessBase"]
[SourceDate "2006.11.23"]
[SourceVersion "1"]
[SourceVersionDate "2006.11.23"]
[SourceQuality "1"]

1. Nc3 Nf6 2. g4 Nxg4 3. e4 d6 4. Be2 Nf6 5. d4 d5 6. e5 Ne4 7. Nxe4 dxe4 8. Be3 Bf5 9. Qd2 e6 10. 0-0-0 c6 11. f3 Na6 12. fxe4 Bxe4 13. Nf3 Nb4 14. a3 Nxc2 15. Ng5 Nxe3 16. Qxe3 Bxh1 17. Rxh1 Be7 18. Ne4 Qd5 19. Bf3 Qc4+ 20. Kb1 0-0-0 21. Rd1 Kb8 22. b3 Qa6 23. b4 Qb6 24. Ka2 a5 25. bxa5 Qxa5 26. Rb1 Qd5+ 27. Rb3 Qxd4 28. Rxb7+ Kxb7 29. Nd6+ Rxd6 0-1

[Event "Oberliga Ost-A 0203"]
[Site "Germany"]
[Date "2003.03.29"]
[Round "10.2"]
[White "Buring, Matthias"]
[Black "Degtiarev, Evgeny"]
[Result "1/2-1/2"]
[WhiteElo "2074"]
[BlackElo "2196"]
[PlyCount "57"]
[EventDate "2002.10.20"]
[EventType "team-tourn"]
[EventRounds "11"]
[EventCountry "GER"]
[SourceTitle "EXT 2004"]
[Source "ChessBase"]
[SourceDate "2003.11.25"]
[SourceVersion "1"]
[SourceVersionDate "2003.11.25"]
[SourceQuality "1"]
[WhiteTeam "Jena Glas"]
[BlackTeam "Magdeburg Aufbau Elbe"]
[WhiteTeamCountry "GER"]
[BlackTeamCountry "GER"]

1. d4 d5 2. c4 c6 3. Nc3 Nf6 4. Nf3 a6 5. e3 b5 6. cxb5 cxb5 7. a3 Bg4 8. Be2 Nbd7 9. h3 Bxf3 10. Bxf3 e6 11. 0-0 Be7 12. e4 dxe4 13. Nxe4 Nd5 14. Qb3 0-0 15. Bd2 Rc8 16. Rac1 Qb6 17. Be3 Qa7 18. Qd3 h6 19. b4 N7b6 20. Nc5 Rfd8 21. Qe2 Nc4 22. Bxd5 Rxd5 23. Qg4 h5 24. Qe4 Bxc5 25. dxc5 Nxa3 26. Rfd1 Qd7 27. Rxd5 exd5 28. Qf3 Nc4 29. Bd4 1/2-1/2

[Event "Oberliga Ost-A 0203"]
[Site "Germany"]
[Date "2002.12.15"]
[Round "4.2"]
[White "Buring, Matthias"]
[Black "Hoepfl, Thomas"]
[Result "1/2-1/2"]
[WhiteElo "2074"]
[BlackElo "2272"]
[PlyCount "102"]
[EventDate "2002.10.20"]
[EventType "team-tourn"]
[EventRounds "11"]
[EventCountry "GER"]
[SourceTitle "EXT 2004"]
[Source "ChessBase"]
[SourceDate "2003.11.25"]
[SourceVersion "1"]
[SourceVersionDate "2003.11.25"]
[SourceQuality "1"]
[WhiteTeam "Jena Glas"]
[BlackTeam "Halle USV"]
[WhiteTeamCountry "GER"]
[BlackTeamCountry "GER"]

1. e4 c5 2. Nf3 d6 3. Nc3 Nf6 4. Bc4 e6 5. 0-0 a6 6. a4 Nc6 7. d4 cxd4 8. Nxd4 Qc7 9. Be2 Be7 10. Be3 0-0 11. f4 Rb8 12. Rb1 Bd7 13. Qe1 Nxd4 14. Bxd4 e5 15. fxe5 dxe5 16. Qg3 Bc5 17. Bxc5 Qxc5+ 18. Kh1 Qe7 19. Rbd1 Bc6 20. Rf5 Rbe8 21. Bd3 Bd7 22. Rf2 Nh5 23. Qe3 Nf4 24. Nd5 Nxd5 25. exd5 e4 26. Bc4 Qd6 27. a5 f5 28. g3 Rc8 29. Qd4 Rfe8 30. c3 e3 31. Rf4 g5 32. Rg1 Qe5 33. Qxe5 Rxe5 34. Rd4 Kg7 35. Bb3 Rc5 36. Rb4 Rb5 37. Bc4 Rxb4 38. cxb4 Kf6 39. Kg2 Re4 40. b3 Ke5 41. Kf3 Be8 42. h3 h5 43. Rc1 Kd6 44. Rc3 Bf7 45. Rxe3 Bxd5 46. Rxe4 Bxe4+ 47. Ke3 Ke5 48. b5 f4+ 49. gxf4+ gxf4+ 50. Kf2 axb5 51. Bxb5 h4 1/2-1/2